000 00225nam a22000857a 4500
008 160915b xxu||||| |||| 00| 0 eng d
100 _9501
_aVerma.S
245 _aCCE Mathematics-II
260 _aNew Delhi
_bS. Chand publications
_c2012
999 _c3158
_d3158